000 00664nam a2200253Ia 4500
001 466
005 20240113233415.0
007 ta
008 050118s1994 a g b000 u eng u
020 _cHB
040 _aCotton College,Assam
041 _aeng
082 _a540
_bFu 984 Ch
100 _aFurtado, Peter .
245 0 _aChemistry in Everday Life /
_cPeter Furtado.
_hTextual Documents
250 _a1st ed. /
260 _aNew Delhi :
_bs. Chand & Company ,
_cc1994.
300 _a124p. :
_bill ;
_c28cm .
653 _aChemistry
653 _aReference General-Chemistry
942 _2ddc
_cBK
999 _c464
_d464